I. H. ŠUĽHA, SOCIAĽNO-EKONOMIČNI VIDNOSYNY I KLASOVA BOROŤBA NA ZAKARPAŤŤI V KINCI XVIII - PERŠlJ POLOVYNI XIX ST.

Bibliographic Details
Main Author: P. H. (Author)
Format: Article
Language:Slovak

MARC

LEADER 00000nab a2200000uu 4500
001 vtls010888993
003 SK-MaSNL
005 20260303105936.0
008 230121|1966 xo |||||||||||||||||slo|
015 |a SNBRB 
035 |a (urnnbn)urn:nbn:sk:snk:ar-004wgj 
035 |a (uuid)9d970420-e171-490a-be10-1d16c0b57f77 
035 |a urn:nbn:sk:snk-ab8jda 
040 |a SNKBUCL  |b slo  |c SNKBUCL  |e AACR2 
041 0 |a slo 
044 |a xo  |c SK 
100 1 |a P. H.  |4 aut  |9 1121264 
245 1 0 |a I. H. ŠUĽHA, SOCIAĽNO-EKONOMIČNI VIDNOSYNY I KLASOVA BOROŤBA NA ZAKARPAŤŤI V KINCI XVIII - PERŠlJ POLOVYNI XIX ST.  |c P. H. 
773 0 |t Historický časopis  |g Roč. 14, č. 3 (1966), s. 499 
954 |a odborná, vedecká literatúra pôvodná (slovenská)  |2 lita 
958 |a OND 
958 |a EUIPO 
958 |a article10 
999 |c 1866713  |d 1868643